| 000 | 00599cam8a220021700 4500 | ||
|---|---|---|---|
| 001 | tmp15930007 | ||
| 003 | UPRA | ||
| 005 | 20190820082928.0 | ||
| 008 | 951113s1970 ja eng u | ||
| 035 | _a(Sirsi) r48875 | ||
| 035 | _a(UPRA)tmp15930007 | ||
| 040 | _cUPRA | ||
| 100 | 1 |
_aKennedy, G. _6A6913.1 |
|
| 245 | 1 | 0 | _aElectronic communication systems. |
| 250 | _a2nd ed. | ||
| 260 |
_aTokyo, _c1970. |
||
| 949 |
_aTK5101 _wlcc _i-60700 _mMAIN _tBOOK _lON-SHELF |
||
| 949 |
_aTK5101 _wlcc _i-60701 _mMAIN _tBOOK _lON-SHELF |
||
| 949 |
_aTK5101 _wlcc _i-60702 _mMAIN _tBOOK _lON-SHELF |
||
| 004 | 48875 | ||
| 999 |
_c113868 _d113868 |
||